[Event "CZE-ch Amateurs 2022"]
[Site "Luhacovice"]
[Date "2022.03.14"]
[Round "3.20"]
[White "Fishchuk, Vladyslav"]
[Black "Jares, Michal"]
[Result "1-0"]
[WhiteElo "1657"]
[BlackElo "2160"]
[Annotator "ChessBase"]
[PlyCount "95"]
[EventDate "2022.03.12"]
[EventType "swiss"]
[EventCountry "CZE"]
[SourceTitle "playchess.com"]
[Source "ChessBase"]
[SourceQuality "1"]
[TimeControl "5400+30"]

1. d4 {[%emt 0:00:03]} Nf6 {[%emt 0:00:00]} 2. g3 {[%emt 0:00:00]} e6 {[%emt 0:00:20]} 3. c4 {[%emt 0:00:09]} d5 {[%emt 0:00:44]} 4. Nf3 {[%emt 0:00:08]} Be7 {[%emt 0:00:09]} 5. Bg2 {[%emt 0:00:06]} O-O {[%emt 0:00:23]} 6. O-O {[%emt 0:00:30]} dxc4 {[%emt 0:00:30]} 7. Qc2 {[%emt 0:00:09]} a6 {[%emt 0:00:15]} 8. a4 {[%emt 0:00:08]} Bd7 {[%emt 0:00:16]} 9. Rd1 {[%emt 0:00:40]} Bc6 {[%emt 0:03:40]} 10. Nc3 {[%emt 0:00:09]} Nd5 {[%emt 0:10:23]} 11. e4 {[%emt 0:12:26]} Nb4 {[%emt 0:06:56]} 12. Qe2 {[%emt 0:00:54]} Nd3 {[%emt 0:00:43]} 13. Be3 {[%emt 0:02:30]} b5 {[%emt 0:03:00]} 14. d5 {[%emt 0:07:51]} exd5 {[%emt 0:04:14]} 15. exd5 {[%emt 0:08:09]} Bb7 {[%emt 0:00:23]} 16. axb5 {[%emt 0:00:18]} axb5 {[%emt 0:01:37]} 17. Rxa8 {[%emt 0:00:31]} Bxa8 {[%emt 0:05:49]} 18. Nxb5 {[%emt 0:00:30]} Bxd5 {[%emt 0:00:30]} 19. b3 {[%emt 0:00:30]} Bf6 {[%emt 0:00:30]} 20. Bd4 {[%emt 0:07:49]} Bxf3 {[%emt 0:07:06]} 21. Bxf3 {[%emt 0:00:23]} Bxd4 {[%emt 0:00:37]} 22. bxc4 {[%emt 0:00:49]} Bxf2+ {[%emt 0:06:18]} 23. Kg2 {[%emt 0:00:20]} Bb6 {[%emt 0:01:17]} 24. Rxd3 {[%emt 0:00:21]} Qg5 {[%emt 0:01:07]} 25. Rd5 {[%emt 0:02:14]} Qc1 {[%emt 0:03:37]} 26. Rd1 {[%emt 0:00:18]} Qg5 {[%emt 0:01:41]} 27. Rd5 {[%emt 0:00:11]} Qc1 {[%emt 0:00:24]} 28. Rd1 {[%emt 0:00:08]} Qh6 {[%emt 0:07:29]} 29. Nc3 {[%emt 0:09:43]} Qe6 {[%emt 0:02:46]} 30. Qxe6 {[%emt 0:01:54]} fxe6 {[%emt 0:00:02]} 31. Ne4 {[%emt 0:01:13]} Nc6 {[%emt 0:04:42]} 32. c5 {[%emt 0:04:05]} Ba5 {[%emt 0:01:15]} 33. Ng5 {[%emt 0:00:51]} Ne5 {[%emt 0:01:52]} 34. Be4 {[%emt 0:00:46]} Nc4 {[%emt 0:03:33]} 35. Bxh7+ {[%emt 0:19:32]} Kh8 {[%emt 0:00:02]} 36. Rd7 {[%emt 0:02:55]} Bd2 {[%emt 0:06:19]} 37. Nxe6 {[%emt 0:00:13]} Ne3+ {[%emt 0:09:42]} 38. Kh3 {[%emt 0:00:07]} Rf6 {[%emt 0:00:32]} 39. Bg6 {[%emt 0:00:29]} Rxg6 {[%emt 0:00:21]} 40. Rd8+ {[%emt 0:00:07]} Kh7 {[%emt 0:00:02]} 41. Nf8+ {[%emt 0:00:09]} Kh6 {[%emt 0:00:10]} 42. Nxg6 {[%emt 0:00:12]} Bb4 {[%emt 0:00:56]} 43. Nf4 {[%emt 0:00:34]} Kh7 {[%emt 0:01:31]} 44. Nd3 {[%emt 0:01:05]} Ba5 {[%emt 0:00:27]} 45. Ra8 {[%emt 0:01:36]} Bc3 {[%emt 0:00:22]} 46. Ra7 {[%emt 0:00:51]} g5 {[%emt 0:01:36]} 47. Rxc7+ {[%emt 0:00:16]} Kg6 {[%emt 0:00:09]} 48. g4 {[%emt 0:00:31]} 1-0

[Event "CZE-ch Amateurs 2022"]
[Site "Luhacovice"]
[Date "2022.03.14"]
[Round "4.1"]
[White "Jedlicka, Ales"]
[Black "Toman, Jan"]
[Result "1/2-1/2"]
[WhiteElo "2223"]
[BlackElo "2127"]
[Annotator "ChessBase"]
[PlyCount "48"]
[EventDate "2022.03.12"]
[EventType "swiss"]
[EventCountry "CZE"]
[SourceTitle "playchess.com"]
[Source "ChessBase"]
[SourceQuality "1"]
[TimeControl "5400+30"]

1. d4 {[%emt 0:00:07]} Nf6 {[%emt 0:00:11]} 2. c4 {[%emt 0:00:19]} e6 {[%emt 0:00:12]} 3. Nf3 {[%emt 0:00:34]} Bb4+ {[%emt 0:00:24]} 4. Bd2 {[%emt 0:00:49]} a5 {[%emt 0:00:32]} 5. g3 {[%emt 0:00:19]} d6 {[%emt 0:00:23]} 6. Bg2 {[%emt 0:00:48]} Nbd7 {[%emt 0:00:20]} 7. O-O {[%emt 0:00:58]} e5 {[%emt 0:00:14]} 8. Be3 {[%emt 0:00:56]} exd4 {[%emt 0:03:56]} 9. Bxd4 {[%emt 0:01:53]} O-O {[%emt 0:01:03]} 10. Nc3 {[%emt 0:00:27]} Bc5 {[%emt 0:10:11]} 11. Qc2 {[%emt 0:01:09]} c6 {[%emt 0:01:37]} 12. Rad1 {[%emt 0:00:51]} Qc7 {[%emt 0:01:20]} 13. Na4 {[%emt 0:03:52]} Bxd4 {[%emt 0:03:37]} 14. Rxd4 {[%emt 0:00:46]} Nc5 {[%emt 0:09:05]} 15. Rfd1 {[%emt 0:03:08]} Nxa4 {[%emt 0:03:12]} 16. Qxa4 {[%emt 0:00:19]} d5 {[%emt 0:01:52]} 17. cxd5 {[%emt 0:02:17]} Nxd5 {[%emt 0:00:31]} 18. Ng5 {[%emt 0:05:07]} Nf6 {[%emt 0:02:07]} 19. Qc2 {[%emt 0:06:32]} h6 {[%emt 0:02:09]} 20. Nh3 {[%emt 0:00:50]} Bxh3 {[%emt 0:08:37]} 21. Bxh3 {[%emt 0:00:28]} Rad8 {[%emt 0:00:41]} 22. Qd2 {[%emt 0:02:59]} Rxd4 {[%emt 0:01:55]} 23. Qxd4 {[%emt 0:00:14]} Re8 {[%emt 0:03:24]} 24. e3 {[%emt 0:00:51]} Qe7 {[%emt 0:06:42]} 1/2-1/2

[Event "CZE-ch Amateurs 2022"]
[Site "Luhacovice"]
[Date "2022.03.14"]
[Round "4.3"]
[White "Pilch, Roman"]
[Black "Mudrak, Josef"]
[Result "1/2-1/2"]
[WhiteElo "2136"]
[BlackElo "2219"]
[Annotator "ChessBase"]
[PlyCount "60"]
[EventDate "2022.03.12"]
[EventType "swiss"]
[EventCountry "CZE"]
[SourceTitle "playchess.com"]
[Source "ChessBase"]
[SourceQuality "1"]
[TimeControl "5400+30"]

1. Nf3 {[%emt 0:00:04]} Nf6 {[%emt 0:01:15]} 2. c4 {[%emt 0:00:07]} d6 {[%emt 0:00:32]} 3. d4 {[%emt 0:00:47]} Nbd7 {[%emt 0:00:23]} 4. Nc3 {[%emt 0:01:49]} e5 {[%emt 0:00:25]} 5. d5 {[%emt 0:00:40]} a5 {[%emt 0:04:07]} 6. e4 {[%emt 0:00:16]} Nc5 {[%emt 0:01:03]} 7. Nd2 {[%emt 0:00:21]} Bg4 {[%emt 0:01:30]} 8. f3 {[%emt 0:02:51]} Bd7 {[%emt 0:00:12]} 9. b3 {[%emt 0:01:54]} g6 {[%emt 0:02:18]} 10. Be2 {[%emt 0:02:34]} Nh5 {[%emt 0:00:40]} 11. g3 {[%emt 0:02:02]} Bh6 {[%emt 0:02:12]} 12. Nf1 {[%emt 0:04:15]} Bg7 {[%emt 0:07:38]} 13. Be3 {[%emt 0:03:35]} O-O {[%emt 0:06:52]} 14. Nd2 {[%emt 0:02:09]} f5 {[%emt 0:01:28]} 15. a3 {[%emt 0:01:16]} Nf4 {[%emt 0:08:27]} 16. O-O {[%emt 0:08:00]} Nh3+ {[%emt 0:05:22]} 17. Kg2 {[%emt 0:01:56]} f4 {[%emt 0:00:45]} 18. Bxc5 {[%emt 0:04:10]} dxc5 {[%emt 0:00:08]} 19. g4 {[%emt 0:03:16]} Ng5 {[%emt 0:00:22]} 20. Rh1 {[%emt 0:02:14]} Nf7 {[%emt 0:07:39]} 21. h4 {[%emt 0:04:31]} h5 {[%emt 0:01:13]} 22. g5 {[%emt 0:05:38]} Nxg5 {[%emt 0:01:04]} 23. hxg5 {[%emt 0:00:12]} Qxg5+ {[%emt 0:00:06]} 24. Kf1 {[%emt 0:00:26]} Qg3 {[%emt 0:00:13]} 25. Qe1 {[%emt 0:01:37]} Bh3+ {[%emt 0:00:31]} 26. Rxh3 {[%emt 0:00:05]} Qxh3+ {[%emt 0:00:06]} 27. Kg1 {[%emt 0:00:23]} Ra6 {[%emt 0:15:00]} 28. Qf2 {[%emt 0:04:27]} Qg3+ {[%emt 0:06:09]} 29. Qg2 {[%emt 0:01:32]} Qh4 {[%emt 0:01:25]} 30. Qf2 {[%emt 0:01:30]} Qg5+ {[%emt 0:03:56]} 1/2-1/2

[Event "CZE-ch Amateurs 2022"]
[Site "Luhacovice"]
[Date "2022.03.14"]
[Round "4.4"]
[White "Novotny, Josef"]
[Black "Zvolensky, David"]
[Result "0-1"]
[WhiteElo "2033"]
[BlackElo "2159"]
[Annotator "ChessBase"]
[PlyCount "98"]
[EventDate "2022.03.12"]
[EventType "swiss"]
[EventCountry "CZE"]
[SourceTitle "playchess.com"]
[Source "ChessBase"]
[SourceQuality "1"]
[TimeControl "5400+30"]

1. e3 {[%emt 0:00:05]} e5 {[%emt 0:00:29]} 2. d3 {[%emt 0:00:09]} d5 {[%emt 0:00:13]} 3. g3 {[%emt 0:00:11]} h5 {[%emt 0:00:27]} 4. h4 {[%emt 0:00:28]} Nc6 {[%emt 0:00:17]} 5. Nc3 {[%emt 0:01:55]} Nf6 {[%emt 0:01:23]} 6. Nf3 {[%emt 0:00:49]} Bg4 {[%emt 0:00:04]} 7. Be2 {[%emt 0:00:14]} Qd7 {[%emt 0:01:44]} 8. a3 {[%emt 0:00:17]} O-O-O {[%emt 0:03:11]} 9. b4 {[%emt 0:04:31]} d4 {[%emt 0:10:34]} 10. Ne4 {[%emt 0:04:13]} Nxe4 {[%emt 0:01:46]} 11. dxe4 {[%emt 0:00:10]} Bxf3 {[%emt 0:04:39]} 12. Bxf3 {[%emt 0:00:18]} d3 {[%emt 0:00:02]} 13. Qxd3 {[%emt 0:03:56]} Qxd3 {[%emt 0:00:17]} 14. cxd3 {[%emt 0:00:08]} Rxd3 {[%emt 0:00:03]} 15. Be2 {[%emt 0:00:43]} Rd8 {[%emt 0:02:29]} 16. Bb2 {[%emt 0:02:38]} f6 {[%emt 0:00:19]} 17. Bc3 {[%emt 0:01:23]} a6 {[%emt 0:02:34]} 18. Bc4 {[%emt 0:01:07]} b5 {[%emt 0:01:34]} 19. Be6+ {[%emt 0:00:52]} Kb7 {[%emt 0:00:18]} 20. Ke2 {[%emt 0:00:34]} Kb6 {[%emt 0:02:44]} 21. Rhc1 {[%emt 0:08:33]} Bd6 {[%emt 0:00:42]} 22. Rg1 {[%emt 0:06:25]} a5 {[%emt 0:04:03]} 23. bxa5+ {[%emt 0:04:16]} Nxa5 {[%emt 0:00:10]} 24. g4 {[%emt 0:06:20]} hxg4 {[%emt 0:02:30]} 25. Rxg4 {[%emt 0:00:22]} Rhe8 {[%emt 0:03:16]} 26. Bd5 {[%emt 0:02:57]} Bf8 {[%emt 0:00:21]} 27. Rgg1 {[%emt 0:00:44]} Nb7 {[%emt 0:02:31]} 28. Rgb1 {[%emt 0:01:23]} c6 {[%emt 0:00:24]} 29. Bf7 {[%emt 0:01:58]} Re7 {[%emt 0:00:04]} 30. Bg8 {[%emt 0:00:37]} Red7 {[%emt 0:02:41]} 31. a4 {[%emt 0:02:45]} Bb4 {[%emt 0:04:37]} 32. Rxb4 {[%emt 0:03:37]} Rxg8 {[%emt 0:00:14]} 33. axb5 {[%emt 0:00:13]} cxb5 {[%emt 0:00:10]} 34. Rab1 {[%emt 0:00:39]} Nd6 {[%emt 0:00:16]} 35. f3 {[%emt 0:06:44]} Rh8 {[%emt 0:02:30]} 36. Be1 {[%emt 0:00:23]} Ra7 {[%emt 0:04:40]} 37. R4b2 {[%emt 0:00:46]} Kc6 {[%emt 0:00:55]} 38. Rb3 {[%emt 0:06:22]} Ra2+ {[%emt 0:02:52]} 39. R3b2 {[%emt 0:00:26]} Rha8 {[%emt 0:02:45]} 40. f4 {[%emt 0:11:19]} exf4 {[%emt 0:01:20]} 41. exf4 {[%emt 0:00:09]} Nxe4 {[%emt 0:00:18]} 42. Kf3 {[%emt 0:00:18]} Rxb2 {[%emt 0:00:16]} 43. Rxb2 {[%emt 0:00:08]} f5 {[%emt 0:00:19]} 44. Ke3 {[%emt 0:01:35]} Kc5 {[%emt 0:06:30]} 45. Bb4+ {[%emt 0:01:43]} Kc4 {[%emt 0:00:17]} 46. Be7 {[%emt 0:00:08]} Re8 {[%emt 0:01:03]} 47. Rb4+ {[%emt 0:01:15]} Kc3 {[%emt 0:00:16]} 48. Rxb5 {[%emt 0:00:26]} Rxe7 {[%emt 0:00:30]} 49. Rxf5 {[%emt 0:00:10]} Nd6+ {[%emt 0:00:02]} 0-1

[Event "CZE-ch Amateurs 2022"]
[Site "Luhacovice"]
[Date "2022.03.14"]
[Round "4.5"]
[White "Lorenc, Tomas"]
[Black "Plasek, Zdenek"]
[Result "1-0"]
[WhiteElo "2183"]
[BlackElo "1914"]
[Annotator "ChessBase"]
[PlyCount "77"]
[EventDate "2022.03.12"]
[EventType "swiss"]
[EventCountry "CZE"]
[SourceTitle "playchess.com"]
[Source "ChessBase"]
[SourceQuality "1"]
[TimeControl "5400+30"]

1. c4 {[%emt 0:00:14]} e6 {[%emt 0:00:17]} 2. g3 {[%emt 0:00:11]} Nf6 {[%emt 0:00:22]} 3. Bg2 {[%emt 0:00:17]} d5 {[%emt 0:00:19]} 4. Nf3 {[%emt 0:00:09]} Be7 {[%emt 0:01:01]} 5. O-O {[%emt 0:00:10]} O-O {[%emt 0:00:14]} 6. d3 {[%emt 0:03:11]} c6 {[%emt 0:02:53]} 7. Nbd2 {[%emt 0:02:13]} b6 {[%emt 0:03:42]} 8. Rb1 {[%emt 0:01:35]} Qc7 {[%emt 0:01:37]} 9. b4 {[%emt 0:05:02]} Nbd7 {[%emt 0:04:03]} 10. Bb2 {[%emt 0:06:23]} Re8 {[%emt 0:03:28]} 11. Qc2 {[%emt 0:05:51]} a5 {[%emt 0:03:31]} 12. a3 {[%emt 0:02:12]} axb4 {[%emt 0:14:32]} 13. axb4 {[%emt 0:00:02]} Qb8 {[%emt 0:00:52]} 14. Nd4 {[%emt 0:18:30]} Bb7 {[%emt 0:03:38]} 15. c5 {[%emt 0:03:28]} bxc5 {[%emt 0:01:48]} 16. bxc5 {[%emt 0:00:02]} Qc7 {[%emt 0:02:59]} 17. N2b3 {[%emt 0:04:00]} Bf8 {[%emt 0:10:30]} 18. Rfd1 {[%emt 0:04:22]} e5 {[%emt 0:02:50]} 19. Nf5 {[%emt 0:02:19]} Ba6 {[%emt 0:00:58]} 20. Bc1 {[%emt 0:10:13]} Bb5 {[%emt 0:00:38]} 21. d4 {[%emt 0:02:03]} Ba4 {[%emt 0:07:23]} 22. dxe5 {[%emt 0:02:46]} Nxe5 {[%emt 0:00:42]} 23. Bf4 {[%emt 0:00:26]} Nh5 {[%emt 0:00:14]} 24. Qd2 {[%emt 0:05:09]} Bxb3 {[%emt 0:08:15]} 25. Rxb3 {[%emt 0:00:15]} Bxc5 {[%emt 0:00:31]} 26. Rc1 {[%emt 0:03:05]} Qa7 {[%emt 0:05:29]} 27. Bxe5 {[%emt 0:07:25]} Rxe5 {[%emt 0:00:07]} 28. Qg5 {[%emt 0:03:21]} Bxf2+ {[%emt 0:13:17]} 29. Kh1 {[%emt 0:00:02]} Be3 {[%emt 0:01:12]} 30. Nh6+ {[%emt 0:07:10]} Kf8 {[%emt 0:00:12]} 31. Qxe5 {[%emt 0:00:11]} Bxc1 {[%emt 0:00:07]} 32. Qd6+ {[%emt 0:00:38]} Qe7 {[%emt 0:02:50]} 33. Qxc6 {[%emt 0:00:13]} Rd8 {[%emt 0:01:23]} 34. Qxc1 {[%emt 0:00:41]} gxh6 {[%emt 0:00:21]} 35. Qxh6+ {[%emt 0:00:09]} Ng7 {[%emt 0:00:13]} 36. Qxh7 {[%emt 0:02:05]} Qxe2 {[%emt 0:03:03]} 37. Qh8+ {[%emt 0:00:15]} Ke7 {[%emt 0:00:03]} 38. Qh4+ {[%emt 0:01:15]} Kf8 {[%emt 0:01:20]} 39. Qxd8+ {[%emt 0:00:19]} 1-0

[Event "CZE-ch Amateurs 2022"]
[Site "Luhacovice"]
[Date "2022.03.14"]
[Round "4.6"]
[White "Jun, Rudolf"]
[Black "Breuer, Jean-Paul"]
[Result "1-0"]
[WhiteElo "2215"]
[BlackElo "1204"]
[Annotator "ChessBase"]
[PlyCount "65"]
[EventDate "2022.03.12"]
[EventType "swiss"]
[EventCountry "CZE"]
[SourceTitle "playchess.com"]
[Source "ChessBase"]
[SourceQuality "1"]
[TimeControl "5400+30"]

1. Nf3 {[%emt 0:00:09]} c5 {[%emt 0:00:15]} 2. c4 {[%emt 0:00:47]} Nf6 {[%emt 0:00:25]} 3. Nc3 {[%emt 0:00:25]} e6 {[%emt 0:00:26]} 4. e4 {[%emt 0:03:14]} d6 {[%emt 0:00:59]} 5. d4 {[%emt 0:00:48]} cxd4 {[%emt 0:00:21]} 6. Nxd4 {[%emt 0:00:07]} a6 {[%emt 0:00:34]} 7. Be2 {[%emt 0:00:21]} Be7 {[%emt 0:00:51]} 8. O-O {[%emt 0:00:28]} O-O {[%emt 0:00:46]} 9. Be3 {[%emt 0:00:10]} b6 {[%emt 0:01:57]} 10. f3 {[%emt 0:00:43]} Bb7 {[%emt 0:00:26]} 11. Qd2 {[%emt 0:00:27]} Nbd7 {[%emt 0:00:57]} 12. Rfd1 {[%emt 0:00:22]} Qc7 {[%emt 0:01:07]} 13. Rac1 {[%emt 0:01:40]} Rac8 {[%emt 0:00:35]} 14. Kh1 {[%emt 0:00:23]} Qb8 {[%emt 0:02:57]} 15. Bg1 {[%emt 0:00:42]} Kh8 {[%emt 0:01:31]} 16. a4 {[%emt 0:03:57]} Rg8 {[%emt 0:00:21]} 17. b4 {[%emt 0:00:09]} g5 {[%emt 0:00:07]} 18. a5 {[%emt 0:05:04]} g4 {[%emt 0:00:32]} 19. b5 {[%emt 0:01:59]} Ne5 {[%emt 0:06:31]} 20. Rb1 {[%emt 0:09:13]} Nxc4 {[%emt 0:03:12]} 21. Bxc4 {[%emt 0:07:48]} Rxc4 {[%emt 0:00:14]} 22. bxa6 {[%emt 0:00:23]} Bxa6 {[%emt 0:08:41]} 23. Rxb6 {[%emt 0:00:32]} Qa8 {[%emt 0:02:48]} 24. f4 {[%emt 0:23:40]} Nd7 {[%emt 0:09:25]} 25. Rb2 {[%emt 0:04:01]} Bf6 {[%emt 0:06:10]} 26. Ndb5 {[%emt 0:04:37]} Bxb5 {[%emt 0:03:39]} 27. Nxb5 {[%emt 0:01:35]} Qb8 {[%emt 0:07:24]} 28. e5 {[%emt 0:02:36]} Bg7 {[%emt 0:09:28]} 29. Nxd6 {[%emt 0:00:41]} Rxf4 {[%emt 0:10:38]} 30. Qxf4 {[%emt 0:01:22]} Bxe5 {[%emt 0:00:18]} 31. Rxb8 {[%emt 0:00:37]} Bxf4 {[%emt 0:00:37]} 32. Nxf7+ {[%emt 0:00:07]} Kg7 {[%emt 0:00:15]} 33. Rxg8+ {[%emt 0:00:05]} 1-0

[Event "CZE-ch Amateurs 2022"]
[Site "Luhacovice"]
[Date "2022.03.14"]
[Round "4.7"]
[White "Svobodova, Michaela"]
[Black "Nemec, Pavel"]
[Result "1/2-1/2"]
[WhiteElo "2054"]
[BlackElo "2223"]
[Annotator "ChessBase"]
[PlyCount "82"]
[EventDate "2022.03.12"]
[EventType "swiss"]
[EventCountry "CZE"]
[SourceTitle "playchess.com"]
[Source "ChessBase"]
[SourceQuality "1"]
[TimeControl "5400+30"]

1. e4 {[%emt 0:00:25]} c5 {[%emt 0:00:12]} 2. Nf3 {[%emt 0:00:13]} d6 {[%emt 0:00:25]} 3. d4 {[%emt 0:00:31]} cxd4 {[%emt 0:00:10]} 4. Qxd4 {[%emt 0:00:18]} Nc6 {[%emt 0:00:35]} 5. Bb5 {[%emt 0:00:21]} Bd7 {[%emt 0:00:30]} 6. Bxc6 {[%emt 0:00:11]} Bxc6 {[%emt 0:00:09]} 7. Nc3 {[%emt 0:00:13]} h6 {[%emt 0:00:37]} 8. Be3 {[%emt 0:05:24]} e5 {[%emt 0:00:17]} 9. Qd3 {[%emt 0:02:07]} Nf6 {[%emt 0:00:09]} 10. O-O-O {[%emt 0:04:19]} Be7 {[%emt 0:00:15]} 11. Kb1 {[%emt 0:01:05]} Qa5 {[%emt 0:01:39]} 12. Nd2 {[%emt 0:05:39]} b5 {[%emt 0:01:18]} 13. f3 {[%emt 0:05:21]} Rb8 {[%emt 0:12:01]} 14. g4 {[%emt 0:05:52]} Qc7 {[%emt 0:06:51]} 15. h4 {[%emt 0:13:38]} b4 {[%emt 0:00:21]} 16. Nd5 {[%emt 0:01:01]} Nxd5 {[%emt 0:01:03]} 17. exd5 {[%emt 0:00:17]} Bb5 {[%emt 0:00:11]} 18. Qe4 {[%emt 0:05:56]} Bd7 {[%emt 0:13:18]} 19. g5 {[%emt 0:06:30]} g6 {[%emt 0:03:31]} 20. gxh6 {[%emt 0:06:44]} Bf5 {[%emt 0:05:48]} 21. Qc4 {[%emt 0:01:00]} Qxc4 {[%emt 0:00:07]} 22. Nxc4 {[%emt 0:00:10]} b3 {[%emt 0:00:26]} 23. axb3 {[%emt 0:02:13]} Rxb3 {[%emt 0:00:02]} 24. Kc1 {[%emt 0:02:37]} Rb5 {[%emt 0:01:53]} 25. Bg5 {[%emt 0:07:51]} f6 {[%emt 0:00:32]} 26. Bxf6 {[%emt 0:05:02]} Rxh6 {[%emt 0:00:01]} 27. Rhe1 {[%emt 0:03:16]} Rc5 {[%emt 0:01:40]} 28. Bg5 {[%emt 0:05:59]} Bxg5+ {[%emt 0:07:13]} 29. hxg5 {[%emt 0:00:04]} Rh2 {[%emt 0:00:14]} 30. Nxd6+ {[%emt 0:03:17]} Kd7 {[%emt 0:00:07]} 31. Nxf5 {[%emt 0:00:33]} Rcxc2+ {[%emt 0:00:14]} 32. Kb1 {[%emt 0:00:06]} Rxb2+ {[%emt 0:00:09]} 33. Ka1 {[%emt 0:00:08]} Ra2+ {[%emt 0:02:34]} 34. Kb1 {[%emt 0:00:05]} Rhb2+ {[%emt 0:00:18]} 35. Kc1 {[%emt 0:00:07]} gxf5 {[%emt 0:14:03]} 36. Rxe5 {[%emt 0:00:09]} Rg2 {[%emt 0:04:12]} 37. Kb1 {[%emt 0:00:26]} a5 {[%emt 0:05:13]} 38. Rxf5 {[%emt 0:01:08]} a4 {[%emt 0:01:20]} 39. Rf7+ {[%emt 0:01:41]} Kc8 {[%emt 0:01:57]} 40. Rh1 {[%emt 0:02:33]} Rab2+ {[%emt 0:01:48]} 41. Ka1 {[%emt 0:00:35]} Ra2+ {[%emt 0:00:18]} 1/2-1/2

[Event "CZE-ch Amateurs 2022"]
[Site "Luhacovice"]
[Date "2022.03.14"]
[Round "4.8"]
[White "Bokhnak, Timofey"]
[Black "Cagasik, Tomas"]
[Result "1/2-1/2"]
[WhiteElo "1978"]
[BlackElo "2177"]
[Annotator "ChessBase"]
[PlyCount "28"]
[EventDate "2022.03.12"]
[EventType "swiss"]
[EventCountry "CZE"]
[SourceTitle "playchess.com"]
[Source "ChessBase"]
[SourceQuality "1"]
[TimeControl "5400+30"]

1. e4 {[%emt 0:00:16]} b6 {[%emt 0:00:12]} 2. d4 {[%emt 0:00:22]} Bb7 {[%emt 0:00:08]} 3. Bd3 {[%emt 0:00:08]} Nf6 {[%emt 0:00:16]} 4. f3 {[%emt 0:00:42]} e6 {[%emt 0:00:59]} 5. Ne2 {[%emt 0:00:21]} d6 {[%emt 0:03:07]} 6. O-O {[%emt 0:00:56]} Nbd7 {[%emt 0:00:39]} 7. Be3 {[%emt 0:01:06]} Be7 {[%emt 0:00:56]} 8. c4 {[%emt 0:00:42]} O-O {[%emt 0:03:17]} 9. Nbc3 {[%emt 0:00:17]} c5 {[%emt 0:02:40]} 10. d5 {[%emt 0:00:10]} Ne5 {[%emt 0:02:22]} 11. Qd2 {[%emt 0:03:19]} exd5 {[%emt 0:02:53]} 12. exd5 {[%emt 0:02:20]} Re8 {[%emt 0:01:55]} 13. Ng3 {[%emt 0:01:39]} Nxd3 {[%emt 0:00:44]} 14. Qxd3 {[%emt 0:00:23]} Bc8 {[%emt 0:01:42]} 1/2-1/2

[Event "CZE-ch Amateurs 2022"]
[Site "Luhacovice"]
[Date "2022.03.14"]
[Round "4.9"]
[White "Malinovsky, Petr"]
[Black "Sremanak, Slavomir"]
[Result "0-1"]
[WhiteElo "1965"]
[BlackElo "2187"]
[Annotator "ChessBase"]
[PlyCount "92"]
[EventDate "2022.03.12"]
[EventType "swiss"]
[EventCountry "CZE"]
[SourceTitle "playchess.com"]
[Source "ChessBase"]
[SourceQuality "1"]
[TimeControl "5400+30"]

1. d4 {[%emt 0:00:05]} e6 {[%emt 0:00:21]} 2. c4 {[%emt 0:00:11]} f5 {[%emt 0:00:06]} 3. f4 {[%emt 0:00:47]} Nf6 {[%emt 0:00:36]} 4. Nf3 {[%emt 0:00:13]} b6 {[%emt 0:01:35]} 5. e3 {[%emt 0:00:54]} Bb7 {[%emt 0:00:45]} 6. Be2 {[%emt 0:01:05]} Be7 {[%emt 0:00:14]} 7. b3 {[%emt 0:01:07]} O-O {[%emt 0:00:18]} 8. O-O {[%emt 0:02:47]} a5 {[%emt 0:00:56]} 9. Ba3 {[%emt 0:00:44]} Na6 {[%emt 0:02:15]} 10. Bxe7 {[%emt 0:00:51]} Qxe7 {[%emt 0:00:04]} 11. Nbd2 {[%emt 0:00:45]} Ng4 {[%emt 0:00:17]} 12. Qb1 {[%emt 0:04:27]} Nxe3 {[%emt 0:00:54]} 13. Re1 {[%emt 0:01:30]} Nb4 {[%emt 0:00:40]} 14. Bd3 {[%emt 0:03:32]} Nxd3 {[%emt 0:00:10]} 15. Qxd3 {[%emt 0:00:09]} Ng4 {[%emt 0:00:05]} 16. h3 {[%emt 0:01:19]} Nf6 {[%emt 0:00:31]} 17. Qxf5 {[%emt 0:01:01]} Nd5 {[%emt 0:00:07]} 18. Qg5 {[%emt 0:05:30]} Qxg5 {[%emt 0:02:00]} 19. fxg5 {[%emt 0:00:06]} Nb4 {[%emt 0:00:12]} 20. Re2 {[%emt 0:05:21]} Rf4 {[%emt 0:01:10]} 21. a3 {[%emt 0:22:16]} Nc2 {[%emt 0:00:30]} 22. Ra2 {[%emt 0:03:28]} Nxd4 {[%emt 0:00:12]} 23. Nxd4 {[%emt 0:00:46]} Rxd4 {[%emt 0:00:08]} 24. Nf3 {[%emt 0:00:50]} Bxf3 {[%emt 0:02:46]} 25. gxf3 {[%emt 0:02:45]} Rf8 {[%emt 0:00:29]} 26. Rad2 {[%emt 0:04:04]} Rxd2 {[%emt 0:09:09]} 27. Rxd2 {[%emt 0:00:02]} d6 {[%emt 0:00:26]} 28. Kf2 {[%emt 0:02:00]} Rf4 {[%emt 0:00:35]} 29. Kg3 {[%emt 0:05:09]} e5 {[%emt 0:00:17]} 30. Rc2 {[%emt 0:02:03]} Kf7 {[%emt 0:00:24]} 31. b4 {[%emt 0:00:28]} a4 {[%emt 0:01:32]} 32. c5 {[%emt 0:00:37]} dxc5 {[%emt 0:01:36]} 33. bxc5 {[%emt 0:00:11]} b5 {[%emt 0:00:07]} 34. Rb2 {[%emt 0:03:10]} c6 {[%emt 0:00:07]} 35. Rd2 {[%emt 0:00:09]} Rd4 {[%emt 0:00:12]} 36. Re2 {[%emt 0:02:46]} Ke6 {[%emt 0:00:42]} 37. h4 {[%emt 0:01:04]} Rc4 {[%emt 0:03:09]} 38. Rd2 {[%emt 0:00:33]} Rxc5 {[%emt 0:01:06]} 39. Rd8 {[%emt 0:00:10]} Rc3 {[%emt 0:00:09]} 40. Re8+ {[%emt 0:01:21]} Kf7 {[%emt 0:00:13]} 41. Rxe5 {[%emt 0:00:28]} Rxa3 {[%emt 0:00:07]} 42. Rc5 {[%emt 0:00:13]} Ra1 {[%emt 0:00:27]} 43. Rxc6 {[%emt 0:00:11]} a3 {[%emt 0:00:04]} 44. Rc7+ {[%emt 0:03:03]} Ke6 {[%emt 0:00:30]} 45. Ra7 {[%emt 0:02:43]} a2 {[%emt 0:00:12]} 46. Kf4 {[%emt 0:00:07]} b4 {[%emt 0:00:05]} 0-1

[Event "CZE-ch Amateurs 2022"]
[Site "Luhacovice"]
[Date "2022.03.14"]
[Round "4.10"]
[White "Novotny, Jaroslav"]
[Black "Benes, Miroslav"]
[Result "0-1"]
[WhiteElo "2190"]
[BlackElo "1929"]
[Annotator "ChessBase"]
[PlyCount "20"]
[EventDate "2022.03.12"]
[EventType "swiss"]
[EventCountry "CZE"]
[SourceTitle "playchess.com"]
[Source "ChessBase"]
[SourceQuality "1"]
[TimeControl "5400+30"]

1. Nf3 {[%emt 0:00:08]} d5 {[%emt 0:00:20]} 2. e3 {[%emt 0:00:33]} Nf6 {[%emt 0:02:58]} 3. c4 {[%emt 0:00:16]} e6 {[%emt 0:01:00]} 4. Nc3 {[%emt 0:02:22]} a6 {[%emt 0:01:02]} 5. b3 {[%emt 0:01:00]} Be7 {[%emt 0:05:20]} 6. Bb2 {[%emt 0:00:36]} O-O {[%emt 0:00:18]} 7. Be2 {[%emt 0:09:34]} c5 {[%emt 0:05:59]} 8. cxd5 {[%emt 0:01:54]} Nxd5 {[%emt 0:01:55]} 9. Qb1 {[%emt 0:08:11]} b5 {[%emt 0:04:14]} 10. h4 {[%emt 1:10:56]} Nc6 {[%emt 1:12:24]} 0-1